01446cgm a22002655a 4500001000500000005001700005020001800022040002400040050001500064082001000079100002000089245002300109260002100132300004100153505000800194520044500202521002000647521002000667906004500687942001500732999001500747952013800762952014000900952014001040164520230912150958.0 a9780439101332 aDLCcDLCeamimbeng00aPR4572.C68 a823.8 aDicken, Charles02aA Christmas carol. c1999.aSholastic a122 pages :billustrations ;c18 cm  aZ  aMerry Christmas, everyone! "Bah!" said Scrooge. "Humbug!" With those famous words unfolds a tale that renews the joy and caring that are Christmas. Whether we read it aloud with our family and friends or open the pages on a chill winter evening to savor the story in solitude, Charles Dickens' A Christmas Carol is a very special holiday experience. It is the one book that every year will warm our hearts with favorite memories of Ebenezer a900 bLexile  aZ bRaz-Plus  apbcbccorigcopduencipf20gy-movingim 2ddccBKn0 c1645d1645 00102ddc40708JUVFa001b001cSBSd2023-09-12l1oDIC Fic PR4572.C68pFIS01112r2024-08-30 08:03:13s2024-01-08t1w2023-09-12yBK 00102ddc40708JUVFa001b001cSBSd2023-09-12l1oDIC Fic PR4572.C68pFISSE00254r2025-03-05 11:18:14s2024-01-08t2w2023-09-12yBK 00102ddc40708JUVFa001b001cSBSd2023-09-12l1oDIC Fic PR4572.C68pFISSE00255r2024-03-04 11:07:45s2024-01-08t3w2023-09-12yBK